Volný čas - vzdělání - moudrost / Josef Pieper
Studie se zabývá základními otázkami etiky, principy souladu víry a rozumu s dogmaty katolické věrouky.
Record details
- ISBN: 80-900615-6-7
- Physical Description: 75 s.
- Edition: 1. vyd.
- Publisher: Praha : Křesťanská akademie, 1992
Search for related items by subject
| Subject: | moudrost práce univerzity volný čas vzdělávání vzdělávání teologie |
Available copies
- 2 of 2 copies available at Common Catalog SPOK.
Holds
- 0 current holds with 2 total copies.
Show Only Available Copies
| Location | Call Number / Copy Notes | Barcode | Shelving Location | Status | Due Date |
|---|---|---|---|---|---|
| Jabok Library | FL-3/Pi | 424480004322 | Odborná literatura | Available | - |
| Jabok Library | FL-3/Pi | 424480020572 | Odborná literatura | Available | - |
| LDR | 01575cam a22005177a 4500 | ||
|---|---|---|---|
| 001 | 14405 | ||
| 003 | CZ-PrJAB | ||
| 005 | 20191125092448.0 | ||
| 007 | ta | ||
| 008 | 950616s1992 xr |||||r|||||||| ||cze|d | ||
| 015 | . | ‡acnb000071398 | |
| 020 | . | ‡a80-900615-6-7 | |
| 035 | . | ‡a(CZ PrSKC)000118924 | |
| 035 | . | ‡a(OCoLC)39563610 | |
| 040 | . | ‡aABD027 ‡bcze ‡cABD027 ‡dABD027 ‡dABD067 | |
| 041 | 1 | . | ‡acze ‡hger |
| 080 | . | ‡a37 | |
| 080 | . | ‡a23/25 | |
| 080 | . | ‡a17 | |
| 080 | . | ‡a331 | |
| 100 | 1 | . | ‡aPieper, Josef, ‡d1904-1997 ‡7jn20020404006 ‡4aut |
| 245 | 1 | 0. | ‡aVolný čas - vzdělání - moudrost / ‡cJosef Pieper |
| 250 | . | ‡a1. vyd. | |
| 260 | . | ‡aPraha : ‡bKřesťanská akademie, ‡c1992 | |
| 300 | . | ‡a75 s. | |
| 520 | . | ‡aStudie se zabývá základními otázkami etiky, principy souladu víry a rozumu s dogmaty katolické věrouky. | |
| 650 | 0 | 7. | ‡amoudrost ‡2ctt |
| 650 | 0 | 7. | ‡apráce ‡2ctt |
| 650 | 0 | 7. | ‡auniverzity ‡2ctt |
| 650 | 0 | 7. | ‡avolný čas ‡2ctt |
| 650 | 0 | 7. | ‡avzdělávání ‡7ph127311 ‡2czenas |
| 650 | 0 | 7. | ‡avzdělávání ‡7ph127311 ‡2czenas |
| 650 | 0 | 7. | ‡ateologie ‡7ph116425 ‡2czenas |
| 910 | . | ‡aABG312 | |
| 995 | . | ‡aska | |
| 901 | . | ‡a14405 ‡bCZ PrSKC ‡c14405 ‡tbiblio | |